[Event "COL-ch Amateur"]
[Site "Garzon"]
[Date "2009.11.16"]
[Round "7.5"]
[White "Artunduaga, Alber"]
[Black "Casas Cobos, Julio Eduardo"]
[Result "1-0"]
[WhiteElo "1600"]
[BlackElo "1640"]
[PlyCount "47"]
[EventDate "2009.11.14"]
[EventType "swiss"]
[EventRounds "7"]
[EventCountry "COL"]
[SourceTitle "EXT 2024"]
[Source "ChessBase"]
[SourceDate "2023.10.10"]
[SourceVersion "1"]
[SourceVersionDate "2023.10.10"]
[SourceQuality "1"]

1. d4 Nf6 2. c4 e5 3. dxe5 Ng4 4. Nf3 Nc6 5. Bg5 Be7 6. Bf4 Bb4+ 7. Nc3 Qe7 8. e6 dxe6 9. e3 0-0 10. Be2 Nf6 11. a3 Bxc3+ 12. bxc3 b6 13. Ne5 Nxe5 14. Bxe5 Rd8 15. Qc2 Bb7 16. 0-0 Be4 17. Bxf6 Bxc2 18. Bxe7 Rd2 19. Bf3 Re8 20. Bh4 e5 21. Bd5 h6 22. f4 b5 23. fxe5 Rxe5 24. Bxf7+ 1-0

[Event "COL-ch Amateur"]
[Site "Garzon"]
[Date "2009.11.16"]
[Round "6.8"]
[White "Motta, Lida Marcela"]
[Black "Artunduaga, Alber"]
[Result "0-1"]
[WhiteElo "1615"]
[BlackElo "1600"]
[PlyCount "88"]
[EventDate "2009.11.14"]
[EventType "swiss"]
[EventRounds "7"]
[EventCountry "COL"]
[SourceTitle "EXT 2024"]
[Source "ChessBase"]
[SourceDate "2023.10.10"]
[SourceVersion "1"]
[SourceVersionDate "2023.10.10"]
[SourceQuality "1"]

1. Nf3 Nc6 2. d4 d5 3. g3 Nf6 4. Bg2 Bf5 5. 0-0 e6 6. Nh4 Bg4 7. b3 Be7 8. Bb2 Nd7 9. Nf3 0-0 10. Nbd2 b5 11. Rc1 Rb8 12. e4 Nb6 13. Qe2 Qe8 14. c4 bxc4 15. bxc4 Bf6 16. e5 Be7 17. cxd5 Nxd5 18. Nb3 Rb6 19. Rc4 Qa8 20. Ba1 a5 21. Nc5 Rd8 22. a3 Bxc5 23. Rxc5 Rb3 24. h3 Bh5 25. g4 Bg6 26. a4 Ra3 27. Qb5 Bd3 28. Qb2 Rxa4 29. Rfc1 Rb4 30. Qd2 Bb5 31. Ne1 Qa6 32. Nc2 Rb3 33. Ne3 Nce7 34. Nxd5 Nxd5 35. Bxd5 exd5 36. Rxc7 Bc4 37. Qg5 Rf8 38. Re1 h6 39. Qe7 Qg6 40. e6 Rxh3 41. Qxf8+ Kh7 42. Qg8+ Kxg8 43. exf7+ Qxf7 44. Rxf7 Kxf7 0-1